Experiencia de trabajo colaborativo: formación del personal docente universitario para la diversidad = Educational needs in higheer education: a collaborative work experience /

Uloženo v:
Podrobná bibliografie
Hlavní autor: Gross Martínez, Martha
Další autoři: Stiller González, Laura
Médium: Text
Tagy: Přidat tag
Žádné tagy, Buďte první, kdo vytvoří štítek k tomuto záznamu!

MARC

LEADER 00000 a a2200000 04500
001 47073
003
040
090 |a REV0862 143(I)2014  
100 |a Gross Martínez, Martha  
245 |a Experiencia de trabajo colaborativo: formación del personal docente universitario para la diversidad =   |b Educational needs in higheer education: a collaborative work experience /  |c Martha Gross Martínez; Laura Stiller González  
700 |a Stiller González, Laura  
773 |g volumen143, número1, (2014), páginas 31-41  
999 |c 37184  |d 37184 
773 0 |0 18728  |9 3010  |a Universidad de Costa Rica  |d San José, Costa Rica Editorial UCR 1956-  |o 16462  |t Revista de Ciencias Sociales/  |x 04825276